| 000 | 00469nam a2200193Ia 4500 | ||
|---|---|---|---|
| 008 | 220531s9999 xx 000 0 und d | ||
| 041 | _aeng | ||
| 082 | _bKUL | ||
| 100 |
_aKulkarni, A. &. Others _959236 |
||
| 245 | _aBusiness Management | ||
| 250 | _a1ST | ||
| 260 |
_aPune _bNirali _c2014 |
||
| 300 | _a8.28 | ||
| 542 | _d27-06-2014 | ||
| 551 |
_aCommerce _bNon-grant--C |
||
| 650 |
_acommerce _959237 |
||
| 906 |
_d2014-2015 _f345 |
||
| 999 |
_c33903 _d33903 |
||